NOPLP Révisions - Soulman - Statistiques

Statistiques générales
  • Ce quiz a été pris 7 fois
  • Le résultat moyen est 13 sur 61
Statistiques - réponses
Réponse % Correct
J’ai pas le regard de Spike Lee
100%
Écoute ça baby
67%
J’ai pas ces choses-là
67%
J’ai pas l’âme d’un gangster
67%
J’ai pas la sagesse de Gandhi
67%
J’ai pas le génie de De Vinci
67%
J’ai pas les pieds sur terre
67%
Je n’ai rien d’autre à offrir
67%
Je ne suis qu’un Soulman
67%
J’suis pas un Superman
67%
Juste moi mes délires
67%
La bonté d'Aimé Césaire[1]
67%
La patience de ma banquière
67%
L’assurance de Mohamed Ali
67%
Loin de là
67%
Mais je sais qu’en vrai c’est déjà ça
67%
Ni l’aura de Guevara
67%
J’ai pas la science infuse
33%
J’ai pas le physique des magazines
33%
J’ai pas l’humour de Charlie Chaplin
33%
Le savoir-faire de Bocuse
33%
Je ne suis qu’un Soulman
0%
Écoute ça baby
0%
Écoute ça baby
0%
Écoute ça baby
0%
Écoute ça baby
0%
Être hors du commun
0%
(Ha) C’est déjà ça (hé)
0%
J’ai bien essayé, j’ai fait de mon mieux
0%
J’ai pas la carrure de King Kong
0%
J’ai pas la chance de Neil Armstrong
0%
Je n’ai rien d’autre à offrir
0%
Je n’ai rien d’autre à offrir
0%
Je n’ai rien d’autre à offrir
0%
Je ne suis qu’un Soulman
0%
Je ne suis qu’un Soulman
0%
Je ne suis qu’un Soulman
0%
Je suis pas un Superman
0%
J’suis pas un Superman
0%
J’suis pas un Superman
0%
J’suis pas un Superman
0%
Juste moi mes délires
0%
Juste moi mes délires
0%
Juste moi mes délires
0%
Juste moi mes délires
0%
Juste moi mes délires (yeah yeah)
0%
La ferveur de Rosa Parks
0%
Loin de là
0%
Loin de là
0%
Loin de là
0%
Loin de là
0%
Mais je sais qu’en vrai c’est déjà
0%
Mais je sais qu’en vrai c’est déjà ça
0%
Mais je sais qu’en vrai c’est déjà ça
0%
Mais je sais qu’en vrai c’est déjà ça
0%
Mais je sais qu’en vrai c’est déjà ça
0%
Mais quoi que je fasse à la fin
0%
Moi j’aurais aimé être comme eux
0%
Ni le courage de Mandela
0%
Non je n’ai pas ces choses-là
0%
Plusieurs cordes à mon arc
0%
Aucun quiz correspondant
Distribution des résultats
% des personnes avec chaque résultat
Percentile par nombre de réponses
Votre historique - résultats
Vous n’avez pas pris ce quiz